[Event "23rd European Women Club Cup 2018"]
[Site "Halkidiki"]
[Date "2018.10.18"]
[Round "7"]
[White "Bodnaruk, Anastasia"]
[Black "Ushenina, Anna"]
[Result "1/2-1/2"]
[WhiteElo "2423"]
[BlackElo "2451"]
[Annotator "TA"]
[PlyCount "87"]
[EventDate "2018.10.12"]
[EventType "team-tourn"]
[EventCountry "GRE"]
[SourceTitle "playchess.com"]
[Source "ChessBase"]
[SourceQuality "1"]
[WhiteTeam "SSHOR"]
[BlackTeam "Ugra"]

{[%evp 23,87,15,22,22,22,22,22,10,23,12,27,9,12,0,37,44,36,36,31,34,22,14,22,10,32,34,68,54,64,55,112,24,38,45,37,32,49,56,79,47,43,6,0,0,0,0,0,0,0,0,0,0,0,0,0,0,0,0,0,0,0,0,0,0,0,0]} 1. e4 c6 2. d4 d5 3. e5 c5 4. dxc5 Nc6 5. Bb5 e6 6. Be3 Bd7 7. Bxc6 Bxc6 8. Nf3 {B12: Caro-Kann: Advance Variation} Ne7 9. c3 Nf5 10. Bd4 Nxd4 (10... a5 11. O-O a4 12. Nbd2 g5 13. Qe2 Ra5 14. Rfd1 g4 15. Ne1 Qg5 16. Nc2 Bxc5 {½-½ (40) Jakovenko,D (2736)-Shimanov,A (2600) Tyumen 2012}) 11. Qxd4 Qc7 12. b4 b6 {LiveBook: 14 Games} 13. cxb6 $1 axb6 14. O-O Be7 15. Qe3 O-O 16. Nd4 Bd7 17. f4 $146 f6 18. Nf3 {[%cal Bd4f3,Bf3e5,Be5g4][%mdl 32]} Be8 19. Nbd2 Ra3 20. Nb3 Bd7 21. exf6 Bxf6 22. Ne5 Rfa8 23. Rac1 Bb5 {[#] ...Bxe5 is the strong threat.} 24. Rf3 Qd6 25. Ng4 Rxa2 26. Re1 Bd7 (26... Bh4 $14 27. g3 Bd8) 27. Nd4 (27. Nxf6+ $16 gxf6 28. Nd4) 27... Bxd4 $11 28. Qxd4 Ra1 29. Rff1 Rxe1 30. Rxe1 Be8 31. Ne5 (31. f5 $5) 31... Bg6 32. Nxg6 hxg6 $14 {[%mdl 4096] Endgame KQR-KQR. The position is equal.} 33. g3 Ra2 34. Qd3 Kf7 35. Re5 {[#] And now Rg5 would win.} Qd8 36. Re2 (36. Rg5 {is interesting.} Qf6 37. h4 Rb2 38. Kf1 Rh2 39. Re5) 36... Qa8 37. Rxa2 Qxa2 $11 {KQ-KQ} 38. Qd4 b5 39. Qe3 Qc2 40. Qa7+ Kf6 41. Qd4+ Kf7 42. Qa7+ Kf6 43. Qd4+ Kf7 44. Qa7+ {Precision: White = 72%, Black = 66%.} 1/2-1/2

[Event "23rd European Women Club Cup 2018"]
[Site "Halkidiki"]
[Date "2018.10.18"]
[Round "7"]
[White "Osmak, Iulija"]
[Black "Balajayeva, Khanim"]
[Result "1-0"]
[WhiteElo "2405"]
[BlackElo "2326"]
[Annotator "TA"]
[PlyCount "57"]
[EventDate "2018.10.12"]
[EventType "team-tourn"]
[EventCountry "GRE"]
[SourceTitle "playchess.com"]
[Source "ChessBase"]
[SourceQuality "1"]
[WhiteTeam "Kyiv"]
[BlackTeam "Odlar Yurdu"]

{[%evp 9,57,0,0,-10,47,29,38,41,34,35,46,27,79,70,69,61,69,62,112,118,146,150,239,237,225,166,215,210,193,180,366,351,353,341,310,301,521,445,405,338,625,616,586,321,906,378,877,868,5385,701]} 1. d4 d5 2. Bf4 Nf6 3. e3 c5 4. Nc3 cxd4 5. exd4 a6 6. Nf3 {B13: Caro-Kann: Exchange Variation and Panov-Botvinnik Attack} (6. Bd3 Nc6 7. Nge2 Bg4 8. f3 Bh5 9. h4 Bg6 10. g4 e6 11. h5 Bxd3 12. Qxd3 h6 13. O-O-O {0-1 (50) Jobava,B (2646)-Nisipeanu,L (2657) Spilimbergo 2018}) 6... g6 (6... Nc6 $11) 7. Ne5 Bg7 8. Qd2 {White is slightly better.} Nc6 9. O-O-O O-O $146 ({Predecessor:} 9... Bf5 10. Nxc6 bxc6 11. f3 Qa5 12. g4 Be6 13. Be5 {1-0 (27) Feist,P (2252)-Bastian,M (2215) Germany 2008}) 10. f3 Be6 (10... Qa5 $11) 11. g4 Nd7 {[%cal Rd7e5]} 12. Nxc6 bxc6 13. Bh6 Bxh6 14. Qxh6 Qc7 15. h4 {[%cal Bh2h4,Bh4h5][%mdl 32]} Rfb8 {[#]} (15... f6 $16) 16. h5 $1 $18 {[%cal Rh5g6] And now hxg6 would win.} Nf8 17. Re1 {Black must now prevent hxg6.} ({Much less strong is} 17. hxg6 $6 fxg6 18. Na4 Bc8 $16) 17... Qd6 18. Bd3 Rb4 19. f4 Bxg4 $2 (19... Rxd4 20. f5 Bd7 21. hxg6 Qf4+ 22. Qxf4 Rxf4) 20. hxg6 fxg6 21. Rhg1 Bd7 22. f5 $1 {[%cal Rf5g6]} Be8 $2 (22... Rxd4 {is a better defense.} 23. fxg6 hxg6) 23. fxg6 Bxg6 24. Ref1 {[#] aiming for Bxg6.} Rxd4 $2 (24... Rb7 25. Rxf8+ Rxf8) 25. Bxg6 Nxg6 26. Rh1 {[%csl Gh1][%cal Rh6h7]} Rf4 $2 (26... Rh4 27. Rxh4 Nxh4 28. Qxh4 Rf8) 27. Qxh7+ Kf8 28. Ne2 Rd8 29. Qh6+ {Precision: White = 73%, Black = 28%.} (29. Nxf4 $142 Nxf4 30. Qh8+ Kf7 31. Rh7+ Ke6 32. Rh6+ Kd7 33. Rxd6+ exd6 34. Qg7+ Kc8 35. Qa7) 1-0

[Event "23rd European Women Club Cup 2018"]
[Site "Halkidiki"]
[Date "2018.10.18"]
[Round "7"]
[White "Shvayger, Yuliya"]
[Black "Gunina, Valentina"]
[Result "1/2-1/2"]
[WhiteElo "2375"]
[BlackElo "2525"]
[Annotator "TA"]
[PlyCount "62"]
[EventDate "2018.10.12"]
[EventType "team-tourn"]
[EventCountry "GRE"]
[SourceTitle "playchess.com"]
[Source "ChessBase"]
[SourceQuality "1"]
[WhiteTeam "Beer Sheva"]
[BlackTeam "Pentole Agnelli"]

{[%evp 12,62,31,27,37,34,41,41,45,40,54,48,67,45,70,64,64,56,97,54,60,43,80,80,83,83,100,91,83,72,69,12,13,18,22,0,0,-26,0,-35,-15,-25,0,0,0,0,0,0,0,0,0,0,0]} 1. e4 c6 2. d4 d5 3. e5 Bf5 4. Nf3 e6 5. Be2 Nd7 6. O-O h6 7. Nbd2 {[%cal Bb1d2,Bd2f1,Bf1e3][%mdl 32]} Ne7 {B12: Caro-Kann: Advance Variation} 8. c3 g5 9. Re1 Bg7 {White is slightly better.} 10. Nf1 Bg6 11. Bd3 Qb6 $146 ({Predecessor:} 11... Bxd3 12. Qxd3 Ng6 13. h3 Qe7 14. Ng3 O-O-O 15. a4 {1-0 (24) Jakovenko,D (2721)-Lan,Z (2361) China 2017}) 12. a4 {[%cal Ba2a4,Ba4a5][%mdl 32]} c5 13. a5 Qc7 14. Bxg6 fxg6 15. Ne3 O-O $1 16. b4 c4 17. b5 Rf7 18. Ba3 Nf5 19. Nxd5 exd5 20. e6 Rf6 {[%cal Bf7f6,Bf6e6,Be6e4][%mdl 32]} 21. exd7 (21. Qa4 $1 $14 Qc8 22. exd7 Qxd7 23. Ne5) 21... Qxd7 $11 22. Rb1 Re8 23. Rxe8+ Qxe8 24. Nd2 {[%cal Bf3d2,Bd2f1,Bf1g3][%mdl 32]} Kh7 25. Nf1 Re6 26. Qf3 Re4 27. Bc5 {The position is equal.} Nh4 28. Qd1 Re2 {[#] Strongly threatening ...Qe4.} 29. Ng3 Ra2 30. b6 axb6 31. axb6 Qf7 {Precision: White = 60%, Black = 38%.} 1/2-1/2

[Event "23rd European Women Club Cup 2018"]
[Site "Halkidiki"]
[Date "2018.10.18"]
[Round "7"]
[White "Mamedjarova, Zeinab"]
[Black "Zhukova, Natalia"]
[Result "1-0"]
[WhiteElo "2358"]
[BlackElo "2403"]
[Annotator "TA"]
[PlyCount "59"]
[EventDate "2018.10.12"]
[EventType "team-tourn"]
[EventCountry "GRE"]
[SourceTitle "playchess.com"]
[Source "ChessBase"]
[SourceQuality "1"]
[WhiteTeam "Odlar Yurdu"]
[BlackTeam "Kyiv"]

{[%evp 11,59,0,-10,-8,0,-13,-5,-4,0,0,0,0,8,0,0,-10,13,10,12,0,48,60,123,124,199,195,190,197,388,407,397,404,474,483,478,475,459,377,472,473,476,464,445,453,1171,1150,1222,1176,1036,1014]} 1. d4 Nf6 2. Nf3 d5 3. c4 e6 4. e3 a6 5. cxd5 exd5 6. Bd3 {D30: Queen's Gambit Declined: Systems without Nc3} Bd6 {LiveBook: 4 Games} 7. O-O O-O 8. h3 {The position is equal.} Nc6 $146 ({Predecessor:} 8... Re8 9. Nc3 b6 10. b3 Bb7 11. Bb2 Nbd7 12. Rc1 Qe7 {1-0 (61) Nakamura,H (2778)-Morozevich,A (2770) Biel 2012}) 9. Nc3 Re8 10. Re1 h6 11. a3 Bd7 12. Qc2 Qc8 13. e4 {With the idea e5.} dxe4 (13... Bxh3 $5 14. e5 Qg4 $11) 14. Nxe4 Nxe4 15. Bxe4 Qd8 16. Bd2 Qf6 {[#]} ({Black should play} 16... Qc8 $14) 17. Bc3 $1 $36 {[%mdl 2048] Black is under strong pressure.} Re7 (17... Rac8 $16 {was worth a try.} 18. Rad1 g6) 18. d5 $18 Ne5 {[#]} 19. Nxe5 $1 Bxe5 $2 (19... Rxe5 20. Bxe5 Bxe5) 20. Bxe5 Rxe5 21. Qxc7 Rae8 22. Qxd7 Rxe4 23. Qxe8+ Rxe8 24. Rxe8+ {[%mdl 4096] Endgame KQ-KRR} Kh7 {and the idea ...Qd4 leaves Black hopeful.} 25. Rd1 {Hoping for d6.White is clearly winning.} Qd6 26. Re3 h5 27. Rb3 b5 (27... g5 $142 28. Rxb7 Kg6) 28. Rc3 a5 29. Rc6 Qd7 30. d6 {Precision: White = 83%, Black = 34%.} 1-0

[Event "23rd European Women Club Cup 2018"]
[Site "Halkidiki"]
[Date "2018.10.18"]
[Round "7"]
[White "Kovanova, Baira"]
[Black "Semenova, Elena"]
[Result "1/2-1/2"]
[WhiteElo "2350"]
[BlackElo "2263"]
[Annotator "TA"]
[PlyCount "64"]
[EventDate "2018.10.12"]
[EventType "team-tourn"]
[EventCountry "GRE"]
[SourceTitle "playchess.com"]
[Source "ChessBase"]
[SourceQuality "1"]
[WhiteTeam "Ugra"]
[BlackTeam "SSHOR"]

{[%evp 21,64,19,9,10,27,13,34,32,32,9,9,9,17,9,9,7,8,8,9,0,0,0,6,0,0,0,1,0,4,0,1,0,0,0,2,0,0,0,0,0,0,0,0,0,0]} 1. e4 e5 2. Nf3 Nc6 3. Bb5 Nf6 4. d3 {[%cal Bd2d3,Bd3d4][%mdl 32]} Bc5 5. c3 O-O 6. O-O d6 7. h3 h6 {C65: Ruy Lopez: Berlin Defence (3...Nf6), unusual lines and 4 0-0 Bc5} (7... Ne7 8. d4 Bb6 9. Re1 Ng6 10. Nbd2 exd4 11. cxd4 d5 12. e5 Nh5 13. a4 c6 14. Bf1 f6 15. b4 fxe5 {½-½ (43) Fressinet,L (2649)-Kramnik,V (2779) Batumi 2018}) 8. Re1 Ne7 9. d4 Bb6 10. Nbd2 {[%cal Bb1d2,Bd2f1,Bf1g3][%mdl 32]} c6 11. Bd3 Ng6 {LiveBook: 3 Games} 12. Nf1 Re8 13. Ng3 Bc7 14. Bc2 d5 15. Nxe5 Nxe5 {The position is equal.} 16. dxe5 Nxe4 $1 17. Nxe4 dxe4 18. Qxd8 Rxd8 19. Bxe4 Bxe5 {[#]} 20. Be3 $146 ({Predecessor:} 20. Bc2) 20... Be6 21. Bc2 Bf6 22. a3 a6 23. Red1 Rxd1+ (23... Rd5 {is interesting.} 24. Rxd5 Bxd5 25. g3 Re8 26. Re1 h5) 24. Rxd1 Rd8 25. Rxd8+ Bxd8 $11 {[%mdl 4096] Endgame KBB-KBB} 26. Kf1 Kf8 27. Ke2 Bc7 28. Be4 Ke7 29. Bc2 Bd6 30. Bd3 Bc7 31. Bc2 Bd6 32. Bd3 Bc7 {Precision: White = 76%, Black = 65%.} 1/2-1/2

[Event "23rd European Women Club Cup 2018"]
[Site "Halkidiki"]
[Date "2018.10.18"]
[Round "7"]
[White "Belenkaya, Dina"]
[Black "Girya, Olga"]
[Result "1/2-1/2"]
[WhiteElo "2329"]
[BlackElo "2479"]
[Annotator "TA"]
[PlyCount "61"]
[EventDate "2018.10.12"]
[EventType "team-tourn"]
[EventCountry "GRE"]
[SourceTitle "playchess.com"]
[Source "ChessBase"]
[SourceQuality "1"]
[WhiteTeam "SSHOR"]
[BlackTeam "Ugra"]

{[%evp 25,61,27,20,22,28,0,0,0,0,-32,0,0,0,0,8,8,10,4,0,7,0,0,0,0,0,-27,0,-12,0,0,0,0,0,0,0,0,0,0]} 1. e4 c6 2. d4 d5 3. Nc3 dxe4 4. Nxe4 Bf5 5. Ng3 Bg6 6. h4 h6 7. Nf3 Nd7 8. h5 Bh7 9. Bd3 Bxd3 10. Qxd3 e6 11. Bd2 Ngf6 12. O-O-O Bd6 13. Ne4 Bc7 {LiveBook: 20 Partien} 14. Nxf6+ {B19: Caro-Kann (Hauptvariante)} Nxf6 15. Qb3 b5 16. Ne5 Qd5 ({Bitte nicht} 16... Qxd4 $6 {[#]} 17. Ng6 $1 $16 {[%mdl 512]}) 17. Bb4 {[#]} Qxb3 $146 ({Vorgänger:} 17... a5 18. Bc5 Bxe5 19. dxe5 Qxc5 20. exf6 Qg5+ 21. Kb1 Qxf6 {1-0 (46) Saric,I (2652)-Riazantsev,A (2671) Tallinn 2016}) 18. axb3 a5 19. Bc5 Ne4 $132 {[%mdl 2048] Schwarz is fighting back} 20. Rhe1 Nxc5 21. dxc5 Bxe5 22. Rxe5 Rd8 23. Rxd8+ Kxd8 $11 {[%mdl 4096] Endspiel KT-KT} 24. c4 b4 25. Kc2 Ke7 26. Re1 {Die Stellung ist ausgeglichen.} Ra8 27. Rd1 Rd8 {[#] zielt auf ...Txd1 ab.} 28. Ra1 Ra8 29. Rd1 Rd8 {Droht ...Txd1 und aus.} 30. Ra1 Ra8 31. Rd1 {Precision: Weiß = 74%, Schwarz = 64%.} 1/2-1/2

[Event "23rd European Women Club Cup 2018"]
[Site "Halkidiki"]
[Date "2018.10.18"]
[Round "7"]
[White "Fataliyeva, Ulviyya"]
[Black "Gaponenko, Inna"]
[Result "0-1"]
[WhiteElo "2320"]
[BlackElo "2409"]
[Annotator "TA"]
[PlyCount "98"]
[EventDate "2018.10.12"]
[EventType "team-tourn"]
[EventCountry "GRE"]
[SourceTitle "playchess.com"]
[Source "ChessBase"]
[SourceQuality "1"]
[WhiteTeam "Odlar Yurdu"]
[BlackTeam "Kyiv"]

{[%evp 12,98,45,13,36,-2,28,0,0,-27,-29,-24,-22,-37,-40,-40,0,-6,0,-40,-26,-100,-83,-146,-90,-107,6,30,76,65,74,68,78,46,85,82,77,0,36,42,45,0,0,-154,-162,-165,-160,-270,-265,-502,-491,-497,-490,-480,-476,-461,-454,-406,-409,-388,-382,-900,-324,-6436,-6432,-6203,-6026,-6187,-5731,-6187,-6043,-5995,-5897,-5444,-5189,-3901,-2912,-1978,-1150,-29975,-29977,-29981,-29982,-29982,-29983,-29983,-29972,-12842,-12169]} 1. e4 g6 2. d4 Bg7 3. Nc3 d6 4. Be3 a6 5. a4 Nd7 6. Qd2 Ngf6 {B06: Moderne Verteidigung} 7. h3 {LiveBook: 3 Partien} c5 8. g4 $146 ({Vorgänger:} 8. Nf3 cxd4 9. Bxd4 b6 10. Bc4 Qc7 11. Bd5 Rb8 12. O-O e6 13. Ba2 O-O 14. Rfe1 {0-1 (34) Gentilleau,J (2205)-Sokolov,I (2696) Istanbul 2012}) 8... Qa5 {Die Stellung ist ausgeglichen.} 9. dxc5 Qb4 10. Rd1 (10. cxd6 {is interesting.} Nxe4 11. Nxe4 Qxe4 12. f3 Qe6 13. Ne2) 10... Nxe4 11. Nxe4 Qxe4 12. f3 Qxa4 13. cxd6 exd6 14. b3 $132 {[%mdl 2048] Weiss is fighting back} Qc6 15. Kf2 O-O 16. c4 (16. Ne2 $11 {hält das Gleichgewicht.}) 16... a5 17. Ne2 (17. Qxd6 $142 a4 18. Qxc6 bxc6 19. bxa4) 17... f5 (17... a4 $142 $1 {[%cal Ra4b3]} 18. bxa4 Ne5) 18. Bg2 fxg4 (18... Nc5 $17 19. Qxd6 Qxd6 20. Rxd6 Nxb3) 19. f4 $11 Qc7 {Und weiter mit ...Sf6 wäre nett.} 20. hxg4 {[%cal Bh3g4,Bg4g5][%mdl 32] Und Ld5+ würde nun gewinnen.} Nf6 {[#]} 21. g5 $1 {[%cal Rg5f6]} Nh5 22. Bf3 a4 {[#]} 23. bxa4 $1 (23. Bxh5 gxh5 24. bxa4 (24. Rxh5 a3 $17) 24... Qf7 $17) 23... Rxa4 24. Nc3 (24. Qxd6 $16 Qxd6 25. Rxd6) 24... Ra6 25. Nd5 Qf7 26. Bxh5 (26. Bd4 $5 {[%cal Rd4g7]}) 26... gxh5 27. Nf6+ $2 (27. Bd4 $1 $11) 27... Bxf6 $17 28. gxf6 Bg4 ({Minderwertig wäre} 28... Qxf6 29. Rdg1+ (29. Rxh5 Rf7 $11) 29... Kf7 30. Rxh5 $14) 29. Bd4 (29. Ra1 $17) 29... Qxc4 $19 30. Ra1 $2 (30. Qd3 {einziger Zug.} Qd5 31. Bb2 Qxd3 32. Rxd3) 30... Re8 (30... Rxa1 $2 31. Rxa1 Re8 32. Re1 $19) 31. Rhe1 Rxe1 32. Kxe1 Rxa1+ 33. Bxa1 Qe4+ 34. Kf2 Qf3+ 35. Kg1 Qg3+ 36. Qg2 $2 (36. Kf1 Bh3+ 37. Ke2 Qg2+ 38. Kd1) 36... Qxg2+ 37. Kxg2 {[%mdl 4096] Endspiel KL-KL} h4 38. Bc3 Kf7 39. Kf2 Ke6 40. Kg2 b5 {[%cal Bb7b5,Bb5b4,Bb4b3][%mdl 32]} 41. Kh2 d5 42. Kg2 Kf7 43. Kh2 Kg6 44. Kg2 Be6 45. Be5 b4 46. Kf3 Kf5 47. Bb2 h3 48. Kg3 b3 49. Kxh3 Kxf4+ {Precision: Weiß = 24%, Schwarz = 70%.} 0-1

[Event "23rd European Women Club Cup 2018"]
[Site "Halkidiki"]
[Date "2018.10.18"]
[Round "7"]
[White "Brunello, Marina"]
[Black "Buzukashvili, Sofia"]
[Result "0-1"]
[WhiteElo "2294"]
[BlackElo "1936"]
[Annotator "TA"]
[PlyCount "32"]
[EventDate "2018.10.12"]
[EventType "team-tourn"]
[EventCountry "GRE"]
[SourceTitle "playchess.com"]
[Source "ChessBase"]
[SourceQuality "1"]
[WhiteTeam "Pentole Agnelli"]
[BlackTeam "Beer Sheva"]

{[%evp 15,32,24,67,50,69,55,82,81,99,85,100,34,45,48,56,-146,-151,-904,-718]} 1. e4 c5 2. Nf3 d6 3. d4 cxd4 4. Nxd4 Nf6 5. Nc3 a6 6. Be2 e6 7. Be3 Be7 8. Qd2 Qc7 {LiveBook: 25 Games} 9. O-O-O {B84: Sicilian Scheveningen: 6 Be2 a6, lines without early Be3} Nbd7 (9... O-O 10. g4 b5 11. a3 Bb7 12. f3 Nc6 13. g5 Nd7 14. h4 Nce5 15. f4 Nc4 16. Bxc4 Qxc4 {0-1 (39) Ponomariov,R (2712)-Ivanchuk,V (2710) Huaian 2016}) 10. g4 Nc5 11. f3 {White is better.} b5 12. a3 Nfd7 $146 ({Predecessor:} 12... Bb7 13. Bxb5+ axb5 14. Ndxb5 Qc6 15. Nxd6+ Bxd6 16. Qxd6 {0-1 (26) Vollrath,H-Schulte Eversum,H Germany 1994}) 13. Bg5 (13. h4 $16) 13... f6 14. Be3 Nb6 15. Ndxb5 $2 {[#]} (15. h4 $14 {stays ahead.}) 15... axb5 $17 16. Nxb5 $2 (16. b4 $17 Nb7 17. Nxb5) 16... Nb3+ $1 0-1

[Event "23rd European Women Club Cup 2018"]
[Site "Halkidiki"]
[Date "2018.10.18"]
[Round "7"]
[White "Injac, Teodora"]
[Black "Heinemann, Josefine"]
[Result "1/2-1/2"]
[WhiteElo "2258"]
[BlackElo "2308"]
[Annotator "TA"]
[PlyCount "69"]
[EventDate "2018.10.12"]
[EventType "team-tourn"]
[EventCountry "GRE"]
[SourceTitle "playchess.com"]
[Source "ChessBase"]
[SourceQuality "1"]
[WhiteTeam "Maribor"]
[BlackTeam "Mulhouse"]

{[%evp 17,69,1,9,0,5,3,23,13,27,6,0,2,12,0,31,31,47,1,1,0,29,29,30,0,10,0,0,0,27,0,0,0,0,0,0,0,0,0,0,0,0,0,0,0,0,0,6,6,6,6,6,6,6,6]} 1. Nf3 Nf6 2. c4 c5 3. g3 d5 4. cxd5 Nxd5 5. Bg2 Nc6 6. d4 cxd4 7. Nxd4 Ndb4 8. Nxc6 Qxd1+ 9. Kxd1 Nxc6 10. Nc3 {A30: Symmetrical English: Double Fianchetto and Hedgehog} (10. Bxc6+ bxc6 11. Be3 a5 12. Nd2 a4 13. f3 g6 14. Bd4 f6 15. Rc1 Be6 16. a3 Rc8 17. Rc5 Rd8 18. Be3 Bg7 19. Ke1 {½-½ (31) Rakhmanov,A (2629)-Anton Guijarro,D (2652) Linares 2018}) 10... Bd7 11. Be3 O-O-O {[#] Strongly threatening ...Bh3+.} 12. Ke1 {White has an edge.} e5 13. Rc1 Kb8 14. f4 f6 15. Kf2 Be7 $146 ({Predecessor:} 15... Nd4 16. Rhd1 Nf5 17. Nd5 Bc6 18. fxe5 fxe5 {1-0 (56) Belikov,V (2488)-Murashko,V (2436) Alushta 2001}) 16. Rhd1 Be6 17. Nb5 {Black should prevent Rxd8+.} Rxd1 18. Rxd1 Rd8 19. Rxd8+ Bxd8 20. a3 a6 21. Bxc6 bxc6 $11 {[%mdl 4096] Endgame KBB-KBN} 22. Nc3 a5 23. Na4 exf4 {The position is equal.} 24. Bxf4+ Kc8 25. Nc5 Bb6 26. Bd6 a4 (26... Bg4 {feels hotter.} 27. e3 g6 28. Na4 Bd8 29. Nc5 f5) 27. Kf3 Bxc5 28. Bxc5 {KB-KB} Kd7 29. e4 Bb3 30. Ke3 Ke6 31. Kd4 h5 32. h4 g5 33. Bb4 gxh4 34. gxh4 Bc2 35. Bc5 {Precision: White = 66%, Black = 52%.} 1/2-1/2

[Event "23rd European Women Club Cup 2018"]
[Site "Halkidiki"]
[Date "2018.10.18"]
[Round "7"]
[White "Haussernot, Cecile"]
[Black "Vidic, Teja"]
[Result "0-1"]
[WhiteElo "2204"]
[BlackElo "2116"]
[Annotator "TA"]
[PlyCount "80"]
[EventDate "2018.10.12"]
[EventType "team-tourn"]
[EventCountry "GRE"]
[SourceTitle "playchess.com"]
[Source "ChessBase"]
[SourceQuality "1"]
[WhiteTeam "Mulhouse"]
[BlackTeam "Maribor"]

{[%evp 20,80,43,19,31,34,43,-31,-32,-34,-40,-75,-76,-72,-92,-140,-51,-59,-46,-92,-96,-55,-25,-25,-26,-32,-31,-32,-27,-113,-98,-206,-201,-177,-131,-146,-77,-93,-69,-73,-78,-82,-78,-74,-25,-107,-124,-93,-43,-43,-43,-43,-43,-94,-89,-120,-14,-14,0,-12,-15,-29977,-812]} 1. e4 c5 2. Nf3 d6 3. d4 cxd4 4. Nxd4 Nf6 5. Nc3 Nc6 6. Bg5 e6 7. Qd2 Qb6 8. Nb3 Be7 9. O-O-O O-O 10. f3 a6 11. g4 Qc7 {B63: Sicilian: Richter-Rauzer: 7...Be7 and unusual Black 7th moves} 12. Bxf6 (12. Kb1 Rd8 13. Bxf6 Bxf6 14. g5 Bxc3 15. Qxc3 {½-½ (15) Svidler,P (2728)-Kasimdzhanov,R (2682) Germany 2007}) 12... Bxf6 13. g5 (13. Qxd6 $14 Qxd6 14. Rxd6) 13... Be7 $15 {Black is slightly better.} 14. f4 b5 $1 {[%cal Bb7b5,Bb5b4][%mdl 32] [#]} 15. Bd3 $146 ({Predecessor:} 15. Rg1 b4 16. Ne2 a5 17. Nbd4 Nxd4 18. Nxd4 e5 19. Nf5 {½-½ (32) Horvath,A (2517)-Balogh,C (2468) Zalaegerszeg 2004}) 15... b4 16. Ne2 a5 17. f5 a4 (17... Ne5 $17 {Threatens to win with ...Nf3.} 18. f6 gxf6 19. gxf6 Bxf6 20. Rdg1+ Ng6) 18. Nbd4 {[#]} b3 $1 {[%mdl 512]} 19. Kb1 (19. axb3 Nxd4) 19... bxa2+ 20. Kxa2 Nxd4 21. Nxd4 Qc5 $36 {[%mdl 2048] White is under pressure.} 22. c3 e5 23. Nc2 d5 {[#]} 24. exd5 (24. f6 $1 $11 {[%mdl 512]} Bd6 (24... gxf6 25. gxf6) 25. Kb1) 24... Qxd5+ $17 ({But not} 24... e4 $6 25. Bxe4 Qc4+ 26. Ka1 $14) 25. c4 (25. Kb1 $17 a3 26. f6) 25... Qb7 $19 26. Qc3 Bxg5 27. Rhg1 Bf6 (27... Bf4 $142 {Strongly threatening ...Rb8.} 28. Nb4 Be3 29. Qxe5 Bxg1 30. Rxg1 f6 31. Qd5+ Qxd5 32. Nxd5 Bb7) 28. Nb4 Rb8 29. Nd5 Qb3+ 30. Qxb3 axb3+ 31. Kb1 Kh8 32. c5 {[#]} (32. Nxf6 $11 {keeps the balance.} gxf6 33. Kc1) 32... Bb7 $1 $17 {[%cal Rb7d5]} 33. Be4 {And now c6! would win.} Rfc8 34. Nxf6 gxf6 35. Bxb7 Rxb7 $15 {KRR-KRR} 36. Rd6 (36. Rd3 $1 $15) 36... Rbc7 37. Rxf6 Rxc5 ({Black should try} 37... e4 $17 38. Re1 Kg7) 38. Rxf7 $11 e4 39. Re7 Ra5 40. Reg7 $2 {[%mdl 8192]} ({Avoid the trap} 40. Rxe4 $2 Rca8 $19) (40. Re1 $11) 40... e3 {Precision: White = 23%, Black = 42%.} (40... Rca8 $142 41. Kc1 Rd8 42. Kb1 e3 43. Rb7 e2 44. Rxb3 Rd1+ 45. Kc2 Rc5+ 46. Rc3 Rxc3+ 47. bxc3 Rxg1 48. Kd2 e1=Q+ 49. Kd3 Qe5 50. Kc4 Rg4+ 51. Kb3 Qb5+ 52. Kc2 Rg2+ 53. Kd1 Qf1#) 0-1